000 00616nam a2200229Ia 4500
003 OSt
005 20220927105110.0
006 a|||||r|||| 00| 0
007 ta
008 220926b |||||||| |||| 00| 0 eng d
024 _a196196
037 _cReference Collections
040 _aRTL
_cRTL
_beng
041 _2eng
_aeng
082 _a"X6xM83:g, L8"
100 _aThirlwall A.P.
_9370133
245 0 _aKeynes and Laissez-Faire
260 _aLondan
_bMacmillan pess
_c1978
300 _a126p
_ccm.
942 _h"X6xM83:g, L8"
_cCC
999 _c690635
_d690635